La química crea un mundo nuevo /
Guardado en:
| Autor Principal: | |
|---|---|
| Formato: | Libro |
| Publicado: |
Argentina :
Eudeba,
1964
|
| Materias: | |
| Etiquetas: |
Agregar Etiqueta
Sin Etiquetas, Sea el primero en etiquetar este registro!
|
| LEADER | 00429nam a22001575a 4500 | ||
|---|---|---|---|
| 001 | CEM.cems003440 | ||
| 005 | 19000101000000.0 | ||
| 008 | 130507s1964##################000#0#####d | ||
| 003 | CEMS | ||
| 082 | 0 | 4 | |a 540 |
| 100 | 1 | |a Jaffe, Bernard | |
| 245 | 1 | 0 | |a La química crea un mundo nuevo / |c Bernard Jaffe |
| 260 | |a Argentina : |b Eudeba, |c 1964 | ||
| 300 | |a 329 p. | ||
| 653 | |a Quimica | ||
| 859 | |a CEMS |b BIB. CEMS - 11 de abril |h 540 |i J18 |p 9491.81 |t Ej.1 | ||
